Application of the principles of ILS to the development of cost effective maintenance strategies for existing building stock (Record no. 72794)
[ view plain ]
| 000 -LEADER | |
|---|---|
| fixed length control field | 01286cam a2200229 4500 |
| 001 - CONTROL NUMBER | |
| control field | ABS66664 |
| 008 - FIXED-LENGTH DATA ELEMENTS--GENERAL INFORMATION | |
| fixed length control field | 030529n2003 000 0 eng u |
| 035 ## - SYSTEM CONTROL NUMBER | |
| System control number | (Sirsi) u122470 |
| 100 ## - MAIN ENTRY--PERSONAL NAME | |
| Personal name | El-Haram, M. |
| 245 ## - TITLE STATEMENT | |
| Title | Application of the principles of ILS to the development of cost effective maintenance strategies for existing building stock |
| 260 ## - PUBLICATION, DISTRIBUTION, ETC. | |
| Date of publication, distribution, etc. | 2003 |
| 490 ## - SERIES STATEMENT | |
| Series statement | Construction Management and Economics |
| Volume/sequential designation | 21(3) May 2003, 283-296(13) |
| 520 ## - SUMMARY, ETC. | |
| Summary, etc. | Reports the results of a research project which sought to quantify the benefits of applying integrated logistics support (ILS) to the development of cost-effective maintenance strategies for existing building stock. Argues that any significant reduction in building maintenance costs would have a real impact on the national economy. The principles of ILS are described as a systematic framework for selecting the most appropriate and cost-effective maintenance task for each individual element in a building. Tables, diagrams and references. |
| 590 ## - LOCAL NOTE (RLIN) | |
| Local note | ABS |
| 650 ## - SUBJECT ADDED ENTRY--TOPICAL TERM | |
| Topical term or geographic name entry element | INTEGRATED LOGISTICS SUPPORT |
| 650 ## - SUBJECT ADDED ENTRY--TOPICAL TERM | |
| Topical term or geographic name entry element | WHOLE LIFE COSTS |
| 650 ## - SUBJECT ADDED ENTRY--TOPICAL TERM | |
| Topical term or geographic name entry element | BUILT ENVIRONMENT-BUILDING COSTS |
| 650 ## - SUBJECT ADDED ENTRY--TOPICAL TERM | |
| Topical term or geographic name entry element | MAINTENANCE COSTS |
| 690 ## - LOCAL SUBJECT ADDED ENTRY--TOPICAL TERM (OCLC, RLIN) | |
| Topical term or geographic name as entry element | BUILDING AND CONSTRUCTION-REPAIRS AND MAINTENANCE |
| 700 ## - ADDED ENTRY--PERSONAL NAME | |
| Personal name | Horner, R. |
| 942 ## - ADDED ENTRY ELEMENTS (KOHA) | |
| Suppress in OPAC | 0 |
| Withdrawn status | Lost status | Source of classification or shelving scheme | Damaged status | Not for loan | Home library | Current library | Shelving location | Date acquired | Total Checkouts | Full call number | Barcode | Date last seen | Copy number | Price effective from | Koha item type |
|---|---|---|---|---|---|---|---|---|---|---|---|---|---|---|---|
| Dewey Decimal Classification | London | London | Journal article | 29/05/2003 | ABS66664 | 122470-1001 | 06/08/2019 | 1 | 06/08/2019 | Journal article |